La Violencia del subdesarrollo y el subdesarrollo de la violencia: un análisis de el otoño del patriarca /

Đã lưu trong:
Chi tiết về thư mục
Tác giả chính: Maldonado Denis, Manuel
Định dạng: Texto
Các nhãn: Thêm thẻ
Không có thẻ, Là người đầu tiên thẻ bản ghi này!

MARC

LEADER 00000 a a2200000 04500
001 2631
003
040
100 |a Maldonado Denis, Manuel  
245 |a La Violencia del subdesarrollo y el subdesarrollo de la violencia:   |b un análisis de el otoño del patriarca /  |c Manuel Maldonado Denis 
773 |g número 98; páginas 24-35  
999 |c 40078  |d 40078